Geography Quiz

Random Geography or World Quiz

World Landmarks A-Z II Quiz Stats

 Plays Quiz Updated Jun 7, 2015

Challenge
Share
Tweet
Score 0/23 Timer 08:00
2 Plays Today
% Correct
Disneyland, United States
95.2%
Empire State Building, United States
94.4%
Leaning Tower of Pisa, Italy
90.9%
Sydney Opera House, Australia
87.5%
Fujisan (Mount Fuji), Japan
86.6%
Niagara Falls, Canada and United States
85.4%
Mount Rushmore, United States
79.8%
The Parthenon, Greece
76.3%
Arc de Triomphe, France
76.2%
Great Sphinx of Giza, Egypt
74%
Buckingham Palace, United Kingdom
73%
Western Wall, Israel
64.7%
% Correct
Versailles, France
61.3%
Yosemite Falls, United States
49.6%
Chichén Itzá, Mexico
49.3%
Trevi Fountain, Italy
48.7%
Reichstag Building, Germany
40.8%
USS Arizona Memorial, United States
30.4%
Iguazu Falls, Argentina and Brazil
27.9%
Kaaba, Saudi Arabia
23.6%
Hermitage Museum, Russia
16.9%
Olympia, Greece
14.6%
Juche Tower, North Korea
4.9%

You're not logged in!

Compare scores with friends on all Sporcle quizzes.
Join for Free
OR
Log In

You Might Also Like...

Show Comments

Extras

Top Quizzes Today


Score Distribution

Your Account Isn't Verified!

In order to create a playlist on Sporcle, you need to verify the email address you used during registration. Go to your Sporcle Settings to finish the process.

Report this User

Report this user for behavior that violates our Community Guidelines.

Details: